Online Catalogue and eLibrary

Kannadiyil mithakkum bimbam (Record no. 2663)

MARC details
000 -LEADER
fixed length control field 00374nam a2200145Ia 4500
005 - DATE AND TIME OF LATEST TRANSACTION
control field 20250508053141.0
008 - FIXED-LENGTH DATA ELEMENTS--GENERAL INFORMATION
fixed length control field 240331s9999 xx 000 0 und d
082 ## - DDC Classification
Item Number - Author Mark KAN
Class No. 891
245 #0 - TITLE STATEMENT
Title Kannadiyil mithakkum bimbam
260 ## - PUBLICATION, DISTRIBUTION, ETC.
Place of publication, distribution, etc. Chennai
Name of publisher, distributor, etc. Panikkudam Pathippagam
Date of publication, distribution, etc. 2006
300 ## - PHYSICAL DESCRIPTION
Extent (e.g. Volumes, Pages etc.) 116 p .,
500 ## - GENERAL NOTE
General note Poems Of Emily Dickinson
700 ## - ADDED ENTRY--PERSONAL NAME
Personal name Mithila,R.
Relator term (Role) Editor
942 ## - Koha item type (Biblio)
Koha item type Books in Stacks (Lending)
Holdings
Lost status Damaged status Collection code Home library Current library Shelving location Date acquired Full call number Accession Number Item type
    Lending WERC Library WERC Library Social Science Cupboard 03/31/2024 894.811 KAN 5981 Books in Stacks (Lending)

© WERC Library